Multimodal safety management and human factors crossing the borders of medical, aviation, road, and rail industries /

Bibliographic Details
Corporate Author: ProQuest (Firm)
Other Authors: Anca, Jose M.
Format: Electronic eBook
Language:English
Published: Aldershot, England ; Burlington, VT : Ashgate, c2007.
Subjects:
Online Access:Click to View
LEADER 01502nam a22003974a 4500
001 EBC438743
003 MiAaPQ
005 20200520144314.0
006 m o d |
007 cr cn|||||||||
008 061101s2007 enka sb 001 0 eng
010 |z  2006034813 
015 |a GBA702616  |2 bnb 
016 7 |z 101311856  |2 DNLM 
016 7 |z 013639739  |2 Uk 
020 |z 9780754670216 
020 |z 075467021X 
035 |a (MiAaPQ)EBC438743 
035 |a (Au-PeEL)EBL438743 
035 |a (CaPaEBR)ebr10226948 
035 |a (CaONFJC)MIL133224 
035 |a (OCoLC)317491666 
040 |a MiAaPQ  |c MiAaPQ  |d MiAaPQ 
050 4 |a HE5614  |b .M85 2007 
245 0 0 |a Multimodal safety management and human factors  |h [electronic resource] :  |b crossing the borders of medical, aviation, road, and rail industries /  |c edited by Jose M. Anca, Jr. 
260 |a Aldershot, England ;  |a Burlington, VT :  |b Ashgate,  |c c2007. 
300 |a xxii, 334 p. :  |b ill. 
504 |a Includes bibliographical references and index. 
533 |a Electronic reproduction. Ann Arbor, MI : ProQuest, 2015. Available via World Wide Web. Access may be limited to ProQuest affiliated libraries. 
650 0 |a Traffic safety  |v Case studies. 
650 0 |a Traffic engineering  |v Case studies. 
650 0 |a Human engineering  |v Case studies. 
655 4 |a Electronic books. 
700 1 |a Anca, Jose M. 
710 2 |a ProQuest (Firm) 
856 4 0 |u https://ebookcentral.proquest.com/lib/matrademy/detail.action?docID=438743  |z Click to View